NOVÉ TRENDY V MANAŽMENTE - MANAŽMENT RIZÍK

Bibliographic Details
Main Author: Cintula, Karol (Author)
Format: Article
Language:Slovak
ISBN:8070997206

MARC

LEADER 00000naa a2200000uu 4500
001 vtls010937039
003 SK-MaSNL
005 20260302120002.0
008 210902|2001 xo |||||||||||||||||slo|
015 |a SNBRA 
035 |a (urnnbn)urn:nbn:sk:snk:ar-a0b8lu 
035 |a (uuid)28808313-9ec2-4400-ac9f-8b98b7a98196 
035 |a urn:nbn:sk:snk-aau0yb 
040 |a SNKBUCL  |b slo  |c SNKBUCL  |e AACR2 
041 0 |a slo 
044 |a xo  |c SK 
100 1 |a Cintula, Karol  |4 aut  |9 40685 
245 1 0 |a NOVÉ TRENDY V MANAŽMENTE - MANAŽMENT RIZÍK  |c Karol Cintula 
773 0 |t Trendy v systémoch riadenia podnikov  |d Košice : Technická univerzita], 2001  |g S. 7-11  |z 8070997206 
958 |a OND 
958 |a article11 
958 |a chapter 
999 |c 1267310  |d 1269240